000 00444nam a2200169 a 4500
001 28902
005 20180713231850.0
008 140415s1985 sp 000 0 spa d
020 _a8423944158
041 _aspa
082 _a900.17
_bBEN
100 1 _aGOLO MANN, ALFRED HEUSS
245 1 0 _aHISTORIA UNIVERSAL EL SIGLO XIX-1
250 _a1a ed.
260 _aESPAÑA :
_bESPASA-CALPE,
_c1985
300 _a406
_c12 x 3 x 16
999 _c28902
_d28902